Current land policy in Lating America : Regulating land tenure under neo-liberalism (Record no. 44015)

MARC details
000 -LEADER
fixed length control field 00407nam a2200133Ia 4500
020 ## - INTERNATIONAL STANDARD BOOK NUMBER
ISBN 9068321374
082 ## - DEWEY DECIMAL CLASSIFICATION NUMBER
Classification number 332.02
Item number ZOM
100 ## - MAIN ENTRY--AUTHOR NAME
Personal name Haar, Gemma v d
245 #0 - TITLE STATEMENT
Title Current land policy in Lating America : Regulating land tenure under neo-liberalism
260 ## - PUBLICATION, DISTRIBUTION, ETC. (IMPRINT)
Place of publication Amsterdam
Name of publisher Royal Tropical Institute
Year of publication 2000
700 ## - ADDED ENTRY--PERSONAL NAME
Personal name Zoomers, Annelies
942 ## - ADDED ENTRY ELEMENTS (KOHA)
Koha item type Books
Holdings
Withdrawn status Lost status Damaged status Not for loan Home library Current library Date acquired Source of acquisition Full call number Accession Number Koha item type
        RRII Library RRII Library 16/12/2021 Gift 332.02 ZOM G00763 Books